Introduction to physical education, exercise science, and sport studies
This accessible introductory text explores the history, philosophies, and principles of today's physical education programs within a practical, career-oriented framework. The text explores the wide variety of career opportunities available, and includes a greater focus on non-teaching related c...
সংরক্ষণ করুন:
| প্রধান লেখক: | |
|---|---|
| বিন্যাস: | গ্রন্থ |
| ভাষা: | Undetermined |
| প্রকাশিত: |
Boston, MA.
McGraw-Hill
2002
|
| বিষয়গুলি: | |
| ট্যাগগুলো: |
ট্যাগ যুক্ত করুন
কোনো ট্যাগ নেই, প্রথমজন হিসাবে ট্যাগ করুন!
|
| Thư viện lưu trữ: | Trung tâm Học liệu Trường Đại học Cần Thơ |
|---|
| LEADER | 01020nam a2200241Ia 4500 | ||
|---|---|---|---|
| 001 | CTU_109065 | ||
| 008 | 210402s9999 xx 000 0 und d | ||
| 082 | |a 613.71023 | ||
| 082 | |b L958 | ||
| 100 | |a Lumpkin, Angela | ||
| 245 | 0 | |a Introduction to physical education, exercise science, and sport studies | |
| 245 | 0 | |c Angela Lumpkin | |
| 260 | |a Boston, MA. | ||
| 260 | |b McGraw-Hill | ||
| 260 | |c 2002 | ||
| 520 | |a This accessible introductory text explores the history, philosophies, and principles of today's physical education programs within a practical, career-oriented framework. The text explores the wide variety of career opportunities available, and includes a greater focus on non-teaching related careers in physical education and sport | ||
| 526 | |a Anh văn chuyên môn TDTT | ||
| 526 | |b TC114 | ||
| 650 | |a Physical education and training,Sports | ||
| 650 | |x Vocational guidance | ||
| 650 | |z United states | ||
| 904 | |i Minh | ||
| 980 | |a Trung tâm Học liệu Trường Đại học Cần Thơ | ||